[Event "Titled Tuesday intern op 21st May Late"]
[Site "Chess.com INT"]
[Date "2024.05.21"]
[Round "11"]
[White "Fernandez Cano, Victor"]
[Black "Rohwer, Paul"]
[Result "0-1"]
[WhiteElo "2007"]
[BlackElo "2225"]
[PlyCount "86"]
[EventDate "2024.05.21"]
[EventType "swiss (blitz)"]
[EventRounds "11"]
[EventCountry "USA"]
[SourceTitle "CBM 220 Extra"]
[Source "ChessBase"]
[SourceDate "2024.07.31"]
[SourceVersion "1"]
[SourceVersionDate "2024.07.31"]
[SourceQuality "1"]

1. d4 c5 2. e3 Nf6 3. Nf3 d5 4. c3 Nc6 5. Nbd2 Bf5 6. dxc5 e5 7. Bb5 Qc7 8. Qa4 Bd7 9. b4 Be7 10. 0-0 0-0 11. Qb3 Be6 12. Ng5 Bf5 13. Re1 h6 14. Ngf3 a6 15. Ba4 Nd8 16. Qb2 Ne6 17. c4 e4 18. Nd4 Nxd4 19. Qxd4 Ng4 20. Nf1 Bf6 21. Qxd5 Be6 22. Qxe4 Bxa1 23. h3 Nf6 24. Qd3 Rfd8 25. Qe2 Bc3 26. Rd1 Rxd1 27. Qxd1 Bxb4 28. Bc2 Rd8 29. Qf3 Bxc5 30. Ng3 Qc6 31. Qe2 Bd6 32. Nf5 Bxc4 33. Qe1 Bf8 34. Qc3 Be6 35. Nxh6+ gxh6 36. Qxf6 Qxc2 37. Qxd8 Qxc1+ 38. Kh2 Bxa2 39. Qd7 Qc6 40. Qg4+ Qg6 41. Qa4 Bd5 42. f3 Bd6+ 43. Kh1 Qb1+ 0-1

[Event "Titled Tuesday intern op 14th May Late"]
[Site "Chess.com INT"]
[Date "2024.05.14"]
[Round "6"]
[White "Fernandez Cano, Victor"]
[Black "Hajiyev, Kanan"]
[Result "1-0"]
[WhiteElo "2007"]
[BlackElo "2109"]
[PlyCount "63"]
[EventDate "2024.05.14"]
[EventType "swiss (blitz)"]
[EventRounds "11"]
[EventCountry "USA"]
[SourceTitle "CBM 220 Extra"]
[Source "ChessBase"]
[SourceDate "2024.07.31"]
[SourceVersion "1"]
[SourceVersionDate "2024.07.31"]
[SourceQuality "1"]

1. d4 d5 2. Nf3 c5 3. e3 cxd4 4. exd4 Nc6 5. c3 Nf6 6. Bd3 Bg4 7. h3 Bh5 8. Bf4 e6 9. Nbd2 Bd6 10. Bxd6 Qxd6 11. Qb3 0-0 12. 0-0 Rab8 13. Rfe1 b5 14. Ne5 Na5 15. Qc2 Nc4 16. b3 Na3 17. Qb2 Rfc8 18. Re3 a5 19. Rg3 Bg6 20. Nxg6 hxg6 21. Re1 Rd8 22. Nf3 b4 23. Ne5 bxc3 24. Qxc3 Qb4 25. Qc1 Rdc8 26. Qe3 Nc2 27. Bxc2 Rxc2 28. Nxf7 Kxf7 29. Qxe6+ Kf8 30. Rxg6 Qxd4 31. Qe7+ Kg8 32. Qxg7# 1-0

[Event "Titled Tuesday intern op 14th May Late"]
[Site "Chess.com INT"]
[Date "2024.05.14"]
[Round "9"]
[White "Fernandez Cano, Victor"]
[Black "Novikov, Evgenij"]
[Result "0-1"]
[WhiteElo "2007"]
[BlackElo "2276"]
[PlyCount "96"]
[EventDate "2024.05.14"]
[EventType "swiss (blitz)"]
[EventRounds "11"]
[EventCountry "USA"]
[SourceTitle "CBM 220 Extra"]
[Source "ChessBase"]
[SourceDate "2024.07.31"]
[SourceVersion "1"]
[SourceVersionDate "2024.07.31"]
[SourceQuality "1"]

1. d4 d5 2. Nf3 Nf6 3. e3 c5 4. c3 cxd4 5. exd4 Nc6 6. Bd3 g6 7. Bf4 Bf5 8. Bxf5 gxf5 9. Nbd2 e6 10. Ne5 Qb6 11. 0-0 Rg8 12. Qe2 Nxe5 13. dxe5 Ne4 14. Nb3 a6 15. Nd4 0-0-0 16. a4 Kb8 17. a5 Qc7 18. Rfc1 Bc5 19. Be3 Rg6 20. f3 Rdg8 21. fxe4 Rxg2+ 22. Qxg2 Rxg2+ 23. Kxg2 Qxe5 24. Rf1 Qxe4+ 25. Rf3 Bxd4 26. Bxd4 e5 27. Bb6 Qg4+ 28. Rg3 Qe2+ 29. Kh3 Qh5+ 30. Kg2 Qe2+ 31. Kg1 Kc8 32. Rf1 f4 33. Rg2 Qd3 34. Rg7 Qf5 35. Rg2 Kd7 36. Rd1 Kc6 37. b3 f3 38. Rf2 Qg4+ 39. Kh1 e4 40. Rg1 Qf4 41. Re1 f5 42. b4 Qe5 43. Rc2 f4 44. c4 d4 45. c5 d3 46. Rc4 e3 47. Bd8 f2 48. Rec1 Qd5+ 0-1

[Event "Titled Tuesday intern op 14th May Late"]
[Site "Chess.com INT"]
[Date "2024.05.14"]
[Round "3"]
[White "Meduri, Aakaash"]
[Black "Fernandez Cano, Victor"]
[Result "1-0"]
[WhiteElo "2022"]
[BlackElo "2007"]
[PlyCount "39"]
[EventDate "2024.05.14"]
[EventType "swiss (blitz)"]
[EventRounds "11"]
[EventCountry "USA"]
[SourceTitle "CBM 220 Extra"]
[Source "ChessBase"]
[SourceDate "2024.07.31"]
[SourceVersion "1"]
[SourceVersionDate "2024.07.31"]
[SourceQuality "1"]

1. c4 Nf6 2. g3 g6 3. Bg2 Bg7 4. Nc3 0-0 5. d4 d6 6. h3 Nbd7 7. Nf3 c6 8. 0-0 Qc7 9. e4 e5 10. d5 a5 11. Be3 Nc5 12. Bxc5 dxc5 13. d6 Qb6 14. Na4 Qb4 15. Rc1 b5 16. cxb5 cxb5 17. Nxc5 Qxb2 18. Qd3 Rd8 19. Rfd1 Qxa2 20. Rd2 1-0

[Event "Titled Tuesday intern op 07th May Late"]
[Site "Chess.com INT"]
[Date "2024.05.07"]
[Round "11"]
[White "Antunes, Luciano Justi"]
[Black "Fernandez Cano, Victor"]
[Result "0-1"]
[WhiteElo "2045"]
[BlackElo "2007"]
[PlyCount "116"]
[EventDate "2024.05.07"]
[EventType "swiss (blitz)"]
[EventRounds "11"]
[EventCountry "USA"]
[SourceTitle "EXT 2025"]
[Source "ChessBase"]
[SourceDate "2024.10.14"]
[SourceVersion "1"]
[SourceVersionDate "2024.10.14"]
[SourceQuality "1"]

1. e4 e6 2. d3 d5 3. Nd2 c5 4. g3 Nf6 5. Bg2 Be7 6. Ngf3 0-0 7. 0-0 Nc6 8. e5 Nd7 9. Re1 Qc7 10. Qe2 b5 11. h4 a5 12. Nf1 a4 13. a3 Ba6 14. Bf4 b4 15. Ne3 bxa3 16. bxa3 Qa5 17. c4 Nd4 18. Nxd4 cxd4 19. Nxd5 exd5 20. Bxd5 Nc5 21. Bd2 Qc7 22. Qg4 Bc8 23. Qh5 Rb8 24. Bb4 Be6 25. Bxc5 Qxc5 26. Be4 g6 27. Qh6 Rb6 28. f4 Rfb8 29. h5 Bf8 30. Qg5 Qe7 31. hxg6 hxg6 32. Qxe7 Bxe7 33. Rec1 Bc5 34. Ra2 Rb2 35. Rxb2 Rxb2 36. Bc6 Rb3 37. Bxa4 Rxa3 38. Bc6 Rxd3 39. Rb1 Rxg3+ 40. Kf2 Rc3 41. Rb8+ Kg7 42. Rb5 Ba7 43. Rb7 Bc5 44. Bd5 d3+ 45. Ke1 Bxd5 46. cxd5 Be3 47. Rb1 Rc1+ 48. Rxc1 Bxc1 49. Kd1 d2 50. Ke2 Kf8 51. Kd1 Ke7 52. Ke2 Kd7 53. Kd1 Kc7 54. Ke2 Kb6 55. Kd1 Kc5 56. e6 fxe6 57. dxe6 Kd6 58. f5 gxf5 0-1

[Event "Titled Tuesday intern op 07th May Late"]
[Site "Chess.com INT"]
[Date "2024.05.07"]
[Round "5"]
[White "Fernandez Cano, Victor"]
[Black "Kostiukov, Alexandr"]
[Result "0-1"]
[WhiteElo "2007"]
[BlackElo "2271"]
[PlyCount "90"]
[EventDate "2024.05.07"]
[EventType "swiss (blitz)"]
[EventRounds "11"]
[EventCountry "USA"]
[SourceTitle "EXT 2025"]
[Source "ChessBase"]
[SourceDate "2024.10.14"]
[SourceVersion "1"]
[SourceVersionDate "2024.10.14"]
[SourceQuality "1"]

1. d4 g6 2. e4 Bg7 3. Nf3 c5 4. Nc3 cxd4 5. Nxd4 Nc6 6. Be3 Nf6 7. Bc4 0-0 8. Bb3 a5 9. f3 a4 10. Bxa4 d5 11. Nxc6 bxc6 12. Bxc6 Rb8 13. 0-0 dxe4 14. Nxe4 Nxe4 15. Bxe4 Rxb2 16. a4 Ba6 17. Qxd8 Rxd8 18. Rfd1 Rc8 19. Rab1 Ra2 20. Rd7 Bf6 21. Ra7 Bc4 22. a5 Ra3 23. Bf2 h5 24. h4 Kg7 25. Rbb7 Rd8 26. Rd7 Rxd7 27. Rxd7 Rxa5 28. Kh2 Ra1 29. Bd3 Be6 30. Rb7 Be5+ 31. Bg3 Bf6 32. Rc7 Rc1 33. Rc6 Bd5 34. Rc5 e6 35. Rc7 Rd1 36. Be2 Rd2 37. Bd3 Bxf3 38. Kh3 Bxg2+ 39. Kh2 Be4+ 40. Kh3 Bf5+ 41. Bxf5 exf5 42. c4 Rd3 43. c5 Rxg3+ 44. Kxg3 Be5+ 45. Kf3 Bxc7 0-1

[Event "ESP-chT CECLUB Div2"]
[Site "Linares"]
[Date "2020.08.25"]
[Round "3.2"]
[White "Camarena Gimenez, Rufino"]
[Black "Fernandez Cano, Victor"]
[Result "1-0"]
[WhiteElo "2316"]
[BlackElo "2031"]
[PlyCount "91"]
[EventDate "2020.08.24"]
[EventType "team-tourn"]
[EventRounds "6"]
[EventCountry "ESP"]
[SourceTitle "CBM 198 Extra"]
[Source "ChessBase"]
[SourceDate "2020.11.30"]
[SourceVersion "1"]
[SourceVersionDate "2020.11.30"]
[SourceQuality "1"]
[WhiteTeam "Xeraco CE"]
[BlackTeam "Bargas Fundacion Soliss"]
[WhiteTeamCountry "ESP"]
[BlackTeamCountry "ESP"]

1. d4 Nf6 2. c4 g6 3. Nc3 Bg7 4. e4 d6 5. Nf3 0-0 6. Be2 e5 7. d5 Nbd7 8. Bg5 h6 9. Bh4 a5 10. Nd2 Nc5 11. 0-0 b6 12. Qc2 Bd7 13. b3 Qc8 14. a3 Nh7 15. b4 Nb7 16. f3 f5 17. Bf2 axb4 18. axb4 Rxa1 19. Rxa1 Nd8 20. Ra7 Qb8 21. Qa2 Nf7 22. Qa6 Nf6 23. Qb7 Qxb7 24. Rxb7 Rc8 25. Ra7 Bf8 26. Bd1 Ng5 27. h4 Nf7 28. Ba4 Bxa4 29. Rxa4 Be7 30. Ra7 Bd8 31. Kf1 f4 32. Ke2 Nh5 33. Nb5 Kf8 34. Bxb6 cxb6 35. Rxf7+ Kxf7 36. Nxd6+ Ke7 37. Nxc8+ Kd7 38. Na7 Bxh4 39. Nc6 Ng3+ 40. Kd3 Bf6 41. c5 bxc5 42. bxc5 g5 43. Nc4 Nf1 44. N6xe5+ Kc7 45. d6+ Kb7 46. c6+ 1-0

[Event "La Mancha-ch"]
[Site "Valverde de Jucar"]
[Date "2017.07.08"]
[Round "5.7"]
[White "Trabazos Gallego, Javier"]
[Black "Fernandez Cano, Victor"]
[Result "0-1"]
[WhiteElo "1925"]
[BlackElo "2117"]
[PlyCount "58"]
[EventDate "2017.07.06"]
[EventType "swiss"]
[EventRounds "6"]
[EventCountry "ESP"]
[SourceTitle "EXT 2024"]
[Source "ChessBase"]
[SourceDate "2023.10.10"]
[SourceVersion "1"]
[SourceVersionDate "2023.10.10"]
[SourceQuality "1"]

1. e4 g6 2. d4 Bg7 3. Nf3 d6 4. Bc4 Nf6 5. Nc3 0-0 6. 0-0 Nc6 7. Qe2 Bg4 8. Be3 e5 9. d5 Nd4 10. Bxd4 exd4 11. Nb5 Re8 12. Qd3 Nxe4 13. Nbxd4 Bxf3 14. Nxf3 Bxb2 15. Rab1 Bg7 16. Bb5 Nc5 17. Qd2 Re4 18. Rfe1 a6 19. Bd3 Ra4 20. h4 Rxa2 21. h5 Ra4 22. c4 Ra3 23. Bc2 Qf6 24. h6 Bf8 25. Rec1 Rxf3 26. gxf3 Qh4 27. Qe2 Bxh6 28. Rd1 Bf4 29. Qe7 Qh3 0-1

[Event "ESP-ch U18"]
[Site "Granada"]
[Date "2016.07.28"]
[Round "6"]
[White "Fernandez Cano, Victor"]
[Black "Garcia Sobrino, David"]
[Result "1-0"]
[WhiteElo "2208"]
[BlackElo "2110"]
[PlyCount "75"]
[EventDate "2016.07.25"]
[EventType "swiss"]
[EventRounds "9"]
[EventCountry "ESP"]
[SourceTitle "EXT 2024"]
[Source "ChessBase"]
[SourceDate "2023.10.10"]
[SourceVersion "1"]
[SourceVersionDate "2023.10.10"]
[SourceQuality "1"]

1. Nf3 Nf6 2. c4 g6 3. Nc3 Bg7 4. e4 d6 5. d4 0-0 6. Be2 e5 7. 0-0 Nc6 8. d5 Ne7 9. Ne1 Nd7 10. Be3 f5 11. f3 f4 12. Bf2 g5 13. a4 Ng6 14. a5 Nf6 15. b4 h5 16. Kh1 g4 17. c5 Rf7 18. c6 bxc6 19. dxc6 Be6 20. Ba6 g3 21. Bg1 gxh2 22. Bf2 h4 23. Bb7 Rb8 24. Bxa7 Nh5 25. Bf2 Qg5 26. Qd2 h3 27. g4 Bxg4 28. fxg4 Qxg4 29. Kxh2 Ng3 30. Rg1 Nh4 31. Qd1 Qg6 32. a6 Bh6 33. a7 Rbf8 34. a8Q Rxa8 35. Rxa8+ Kh7 36. Bc8 Rg7 37. Qg4 Qf6 38. Nd5 1-0

[Event "ESP-ch U18"]
[Site "Granada"]
[Date "2016.07.27"]
[Round "4"]
[White "Fernandez Cano, Victor"]
[Black "Garcia Porlan, Beatriz"]
[Result "1-0"]
[WhiteElo "2208"]
[BlackElo "2070"]
[PlyCount "59"]
[EventDate "2016.07.25"]
[EventType "swiss"]
[EventRounds "9"]
[EventCountry "ESP"]
[SourceTitle "EXT 2024"]
[Source "ChessBase"]
[SourceDate "2023.10.10"]
[SourceVersion "1"]
[SourceVersionDate "2023.10.10"]
[SourceQuality "1"]

1. Nf3 Nf6 2. g3 g6 3. Bg2 Bg7 4. c4 c6 5. Nc3 d5 6. d4 Ne4 7. Qb3 dxc4 8. Qxc4 Nd6 9. Qd3 0-0 10. e4 b6 11. Bf4 Ba6 12. Qc2 Nb5 13. Nxb5 Bxb5 14. Rd1 Qc8 15. a4 Ba6 16. h4 Nd7 17. h5 e6 18. hxg6 hxg6 19. e5 c5 20. Qd2 Re8 21. Bh6 Bh8 22. Ng5 Bb7 23. Qf4 Re7 24. Qh4 f6 25. Bf8 Bg7 26. Bxe7 fxg5 27. Qh7+ Kf7 28. Bf6 Nxf6 29. exf6 Kxf6 30. Rh6 1-0

[Event "Benidorm New Generation U18 11th"]
[Site "Benidorm"]
[Date "2015.12.08"]
[Round "7.2"]
[White "Orteu Capdevila, Max"]
[Black "Fernandez Cano, Victor"]
[Result "1/2-1/2"]
[WhiteElo "1965"]
[BlackElo "2139"]
[PlyCount "55"]
[EventDate "2015.12.04"]
[EventType "swiss"]
[EventRounds "7"]
[EventCountry "ESP"]
[SourceTitle "EXT 2024"]
[Source "ChessBase"]
[SourceDate "2023.10.10"]
[SourceVersion "1"]
[SourceVersionDate "2023.10.10"]
[SourceQuality "1"]

1. e4 d6 2. d4 Nd7 3. Nf3 g6 4. Bd3 Bg7 5. c3 Ngf6 6. 0-0 0-0 7. Re1 e5 8. Nbd2 Re8 9. a4 a5 10. Qb3 h6 11. Nf1 b6 12. Ng3 Bb7 13. d5 Nc5 14. Qc2 Nxd3 15. Qxd3 Ba6 16. Qc2 Nd7 17. b4 Rf8 18. Nd2 h5 19. bxa5 bxa5 20. Nb3 Bc4 21. Nd2 Ba6 22. Nb3 Bb7 23. c4 f5 24. exf5 h4 25. Ne4 Rxf5 26. Bd2 Nf6 27. Nxa5 Ba6 28. Nc6 1/2-1/2

[Event "Benidorm New Generation U18 11th"]
[Site "Benidorm"]
[Date "2015.12.06"]
[Round "3.3"]
[White "Navarro Cabrera, Carlos"]
[Black "Fernandez Cano, Victor"]
[Result "0-1"]
[WhiteElo "1814"]
[BlackElo "2139"]
[PlyCount "66"]
[EventDate "2015.12.04"]
[EventType "swiss"]
[EventRounds "7"]
[EventCountry "ESP"]
[SourceTitle "EXT 2024"]
[Source "ChessBase"]
[SourceDate "2023.10.10"]
[SourceVersion "1"]
[SourceVersionDate "2023.10.10"]
[SourceQuality "1"]

1. e4 g6 2. d4 Bg7 3. Nc3 d6 4. Bc4 Nf6 5. Nf3 0-0 6. Bg5 h6 7. Bf4 Nbd7 8. Qd2 Kh7 9. h4 c5 10. Ng5+ Kg8 11. Nxf7 Rxf7 12. e5 cxd4 13. exf6 dxc3 14. Qd5 e6 15. Qxe6 Qxf6 16. Qxf7+ Qxf7 17. Bxf7+ Kxf7 18. b3 Ne5 19. 0-0-0 Ke7 20. Rhe1 Be6 21. Re4 Rf8 22. Bg3 g5 23. hxg5 hxg5 24. Ra4 a6 25. Rb4 b5 26. a4 Rb8 27. axb5 axb5 28. f3 Rb7 29. Re4 Bf6 30. Re3 Ra7 31. Kb1 Rc7 32. Bf2 Bxb3 33. g3 Kd7 0-1

[Event "ESP-ch U18"]
[Site "Salobrena"]
[Date "2015.07.31"]
[Round "7"]
[White "Fernandez Cano, Victor"]
[Black "Portela Peleteiro, Alberto"]
[Result "0-1"]
[WhiteElo "1956"]
[BlackElo "2105"]
[PlyCount "62"]
[EventDate "2015.07.27"]
[EventType "swiss"]
[EventRounds "9"]
[EventCountry "ESP"]
[SourceTitle "EXT 2016"]
[Source "ChessBase"]
[SourceDate "2015.10.08"]
[SourceVersion "1"]
[SourceVersionDate "2015.10.08"]
[SourceQuality "1"]

1. d4 d5 2. c4 e6 3. Nc3 c6 4. e3 Bd6 5. Nf3 Nd7 6. Bd3 f5 7. cxd5 cxd5 8. Bd2 a6 9. Qa4 Rb8 10. Ne2 Qe7 11. Rc1 Ngf6 12. a3 b5 13. Qb3 Nb6 14. Ne5 Bd7 15. Nxd7 Qxd7 16. Bb4 Nc4 17. Bxd6 Qxd6 18. Rc2 Ke7 19. 0-0 Rhc8 20. Rfc1 g6 21. Qa2 Nd7 22. a4 Qb4 23. Nc3 Kd8 24. axb5 axb5 25. b3 Na3 26. Nxb5 Rxc2 27. Rxc2 Nxc2 28. Na7 Qc3 29. Qa6 Rb6 30. Qa4 Qxd3 31. h3 Qa6 0-1

[Event "Castilla La Mancha Region U18"]
[Site "Horche"]
[Date "2015.03.30"]
[Round "6.2"]
[White "Buendia Pinar, Alvaro"]
[Black "Fernandez Cano, Victor"]
[Result "1-0"]
[WhiteElo "2052"]
[BlackElo "1960"]
[PlyCount "81"]
[EventDate "2015.03.27"]
[EventType "swiss"]
[EventRounds "6"]
[EventCountry "ESP"]
[SourceTitle "EXT 2024"]
[Source "ChessBase"]
[SourceDate "2023.10.10"]
[SourceVersion "1"]
[SourceVersionDate "2023.10.10"]
[SourceQuality "1"]

1. d4 d5 2. c4 e6 3. Nc3 Nf6 4. Nf3 Be7 5. Bg5 0-0 6. e3 Nbd7 7. Rc1 c6 8. Bd3 h6 9. Bh4 a6 10. 0-0 dxc4 11. Bxc4 b5 12. Bd3 c5 13. Ne4 c4 14. Bb1 Bb7 15. Nxf6+ Bxf6 16. Bg3 g6 17. Qe2 Nb6 18. e4 Qe7 19. Qe3 Bg7 20. Ne5 Nd7 21. f4 Nxe5 22. fxe5 Rad8 23. Rcd1 Rd7 24. Rf2 Rfd8 25. Rfd2 Bc6 26. Bf4 Kh7 27. Qh3 Qb4 28. Qe3 Bf8 29. Kh1 Qa5 30. d5 exd5 31. e6 d4 32. Qh3 fxe6 33. Qxe6 Qb6 34. Be5 d3 35. Bf6 Rb8 36. Bxd3 cxd3 37. Rxd3 Rg7 38. Bxg7 Kxg7 39. Rd7+ Bxd7 40. Rxd7+ Kh8 41. Qf7 1-0

[Event "Castilla La Mancha Region U18"]
[Site "Horche"]
[Date "2015.03.28"]
[Round "3.2"]
[White "Lozano Osorio, Isaac"]
[Black "Fernandez Cano, Victor"]
[Result "1/2-1/2"]
[WhiteElo "2004"]
[BlackElo "1960"]
[PlyCount "56"]
[EventDate "2015.03.27"]
[EventType "swiss"]
[EventRounds "6"]
[EventCountry "ESP"]
[SourceTitle "EXT 2024"]
[Source "ChessBase"]
[SourceDate "2023.10.10"]
[SourceVersion "1"]
[SourceVersionDate "2023.10.10"]
[SourceQuality "1"]

1. d4 Nf6 2. Nf3 g6 3. Bf4 Bg7 4. h3 d5 5. e3 0-0 6. Bd3 b6 7. 0-0 Bb7 8. Nbd2 Nbd7 9. Ne5 Nh5 10. Nxd7 Qxd7 11. Bh2 c5 12. c3 Nf6 13. Be5 Rfc8 14. f4 e6 15. g4 a5 16. Qe2 Ne4 17. Bb5 Qe7 18. Nxe4 dxe4 19. Bxg7 Kxg7 20. Rad1 Qh4 21. Kg2 Qe7 22. a4 Bd5 23. c4 Bc6 24. Bxc6 Rxc6 25. d5 Rd6 26. dxe6 Rxe6 27. Rd5 Rd8 28. Rfd1 Red6 1/2-1/2

[Event "Almansa op-B"]
[Site "Almansa"]
[Date "2013.08.10"]
[Round "8.1"]
[White "Navarro Palma, Javier"]
[Black "Fernandez Cano, Victor"]
[Result "0-1"]
[WhiteElo "1871"]
[BlackElo "1904"]
[PlyCount "90"]
[EventDate "2013.08.06"]
[EventType "swiss"]
[EventRounds "9"]
[EventCountry "ESP"]
[SourceTitle "EXT 2024"]
[Source "ChessBase"]
[SourceDate "2023.10.10"]
[SourceVersion "1"]
[SourceVersionDate "2023.10.10"]
[SourceQuality "1"]

1. e4 c5 2. Nf3 Nc6 3. d4 cxd4 4. Nxd4 Nf6 5. Nc3 g6 6. f3 Bg7 7. Be3 0-0 8. Qd2 d6 9. 0-0-0 Bd7 10. g4 Rc8 11. Kb1 Ne5 12. h4 h5 13. gxh5 Nxh5 14. Bh6 Nc4 15. Bxc4 Rxc4 16. Bxg7 Kxg7 17. Rhg1 Rh8 18. f4 Nf6 19. e5 Ne8 20. e6 Bxe6 21. Nxe6+ fxe6 22. Qd3 Rxf4 23. Qxg6+ Kf8 24. Ne4 Rf6 25. Nxf6 exf6 26. h5 Qe7 27. Rdf1 Qf7 28. Qxf7+ Kxf7 29. Rh1 Rh6 30. Rf3 f5 31. Rb3 b6 32. Ra3 Kf6 33. Rxa7 f4 34. Rb7 e5 35. Rxb6 e4 36. Kc1 Ke5 37. Kd1 Nf6 38. a4 f3 39. Rh4 Rxh5 40. Rxh5+ Nxh5 41. Rb5+ d5 42. Ke1 e3 43. c4 Ng3 44. Rxd5+ Ke4 45. Kd1 f2 0-1

[Event "Almansa op-B"]
[Site "Almansa"]
[Date "2013.08.09"]
[Round "6.2"]
[White "Cuevas Urosa, Miguel"]
[Black "Fernandez Cano, Victor"]
[Result "0-1"]
[WhiteElo "1878"]
[BlackElo "1904"]
[PlyCount "52"]
[EventDate "2013.08.06"]
[EventType "swiss"]
[EventRounds "9"]
[EventCountry "ESP"]
[SourceTitle "EXT 2024"]
[Source "ChessBase"]
[SourceDate "2023.10.10"]
[SourceVersion "1"]
[SourceVersionDate "2023.10.10"]
[SourceQuality "1"]

1. e4 c5 2. Nf3 Nc6 3. d4 cxd4 4. Nxd4 Nf6 5. Nc3 g6 6. Be3 Bg7 7. Bc4 0-0 8. Bb3 d6 9. f3 Bd7 10. Qd2 Rc8 11. 0-0-0 Ne5 12. h4 h5 13. Bh6 Nc4 14. Qg5 Nh7 15. Qg3 Bxh6+ 16. Kb1 Bg7 17. f4 Bg4 18. f5 Bxd1 19. Rxd1 Nf6 20. Qg5 Qa5 21. g4 Nxg4 22. Nd5 Bf6 23. Nxe7+ Bxe7 24. Qxe7 Nd2+ 25. Ka1 Nxb3+ 26. cxb3 Qd2 0-1

[Event "Benidorm Nuevas Generaciones U16 8th"]
[Site "Benidorm"]
[Date "2012.12.07"]
[Round "5"]
[White "Gonzalez Fernandez, Pedro"]
[Black "Fernandez Cano, Victor"]
[Result "1-0"]
[WhiteElo "1761"]
[BlackElo "1883"]
[PlyCount "73"]
[EventDate "2012.12.05"]
[EventType "swiss"]
[EventRounds "7"]
[EventCountry "ESP"]
[SourceTitle "EXT 2022"]
[Source "ChessBase"]
[SourceDate "2021.10.06"]
[SourceVersion "1"]
[SourceVersionDate "2021.10.06"]
[SourceQuality "1"]

1. d4 Nf6 2. Nf3 d5 3. c4 e6 4. Nc3 Nbd7 5. cxd5 exd5 6. Bg5 Be7 7. e3 0-0 8. Bd3 b6 9. 0-0 Bb7 10. Rc1 c5 11. dxc5 Nxc5 12. Bxf6 Bxf6 13. Bb1 Rc8 14. Nd4 g6 15. f4 Re8 16. Rf3 a6 17. f5 Bg5 18. fxg6 hxg6 19. Qd2 Nd7 20. Rcf1 Ne5 21. Rg3 Nc4 22. Qf2 Rc7 23. Nf5 Bc8 24. Nxd5 Qxd5 25. Rxg5 Bxf5 26. Bxf5 Nxe3 27. Re1 Kf8 28. Qh4 Re5 29. Bxg6 Rxg5 30. Qh8+ Ke7 31. Rxe3+ Kd7 32. Qe8+ Kd6 33. Qf8+ Kd7 34. Re7+ Kd6 35. Qd8+ Kc5 36. Rxc7+ Kb5 37. Qxd5+ 1-0

[Event "Benidorm Nuevas Generaciones U16 8th"]
[Site "Benidorm"]
[Date "2012.12.06"]
[Round "2"]
[White "Fernandez Cano, Victor"]
[Black "Cortes Cabeza, Cameron"]
[Result "1/2-1/2"]
[WhiteElo "1883"]
[BlackElo "1694"]
[PlyCount "110"]
[EventDate "2012.12.05"]
[EventType "swiss"]
[EventRounds "7"]
[EventCountry "ESP"]
[SourceTitle "EXT 2022"]
[Source "ChessBase"]
[SourceDate "2021.10.06"]
[SourceVersion "1"]
[SourceVersionDate "2021.10.06"]
[SourceQuality "1"]

1. Nf3 Nf6 2. d4 d5 3. Bf4 Bf5 4. e3 e6 5. Nbd2 Nbd7 6. h3 h6 7. Be2 Be7 8. 0-0 0-0 9. c4 c6 10. a3 a6 11. Bh2 Bh7 12. c5 b6 13. b4 b5 14. Ne5 Nxe5 15. dxe5 Nd7 16. Nb3 Qc8 17. Nd4 Rd8 18. f4 Nf8 19. Bd3 f5 20. a4 Qb7 21. Bg3 Bg6 22. Ra3 Ra7 23. Qa1 Rda8 24. Rf2 a5 25. axb5 axb4 26. Rxa7 Rxa7 27. Qc1 Be8 28. b6 Ra3 29. Bf1 Rc3 30. Rc2 Bxc5 31. Rxc3 bxc3 32. Qxc3 Qxb6 33. Bh4 Qb4 34. Qa1 Qd2 35. Bf2 Bxd4 36. Qxd4 Qc1 37. Qa4 Bh5 38. Qa5 Be2 39. Qe1 Qxe1 40. Bxe1 Bxf1 41. Kxf1 Nd7 42. Ke2 c5 43. Kd3 Kf7 44. g3 g6 45. Ba5 h5 46. h4 Ke8 47. Bc7 c4+ 48. Kd4 c3 49. Kxc3 Nc5 50. Kd4 Ne4 51. Ba5 Nxg3 52. Kc5 Kd7 53. Be1 Ne4+ 54. Kb5 Kc7 55. Ba5+ Kb7 1/2-1/2

[Event "Almansa U2000 op 7th"]
[Site "Almansa"]
[Date "2012.08.12"]
[Round "9"]
[White "Montiel Miguelez, Manuel"]
[Black "Fernandez Cano, Victor"]
[Result "0-1"]
[WhiteElo "1896"]
[BlackElo "1843"]
[PlyCount "34"]
[EventDate "2012.08.07"]
[EventType "swiss"]
[EventRounds "9"]
[EventCountry "ESP"]
[SourceTitle "EXT 2024"]
[Source "ChessBase"]
[SourceDate "2023.10.10"]
[SourceVersion "1"]
[SourceVersionDate "2023.10.10"]
[SourceQuality "1"]

1. e4 c5 2. Nf3 Nc6 3. d4 cxd4 4. Nxd4 g6 5. Be3 Bg7 6. Nc3 Nf6 7. Qd2 0-0 8. 0-0-0 Ng4 9. Nxc6 bxc6 10. Bg5 Rb8 11. Na4 Nxf2 12. Qxf2 Qa5 13. Bxe7 Qxa4 14. b3 Qxa2 15. Qc5 Bh6+ 16. Bg5 d6 17. Qe3 Qa1+ 0-1